Ergonomics at work /

Bibliographic Details
Main Author: Oborne, David J.
Format: Book
Language:English
Published: Chichester [England] ; New York : Wiley, [1982]
Subjects:

MARC

Tag First Indicator Second Indicator Subfields
LEADER 00000pam a2200000 a 4500
001 in00000085972
005 20151008064402.0
008 810824s1982 enka b 00110 eng
010 |a  81014642  
020 |a 0471100307 :  |c $35.00 (est.) 
035 |a (OCoLC)07772647 
035 |9 AAK4081AM 
039 0 |a 2  |b 3  |c 3  |d 3  |e 3 
040 |a DLC  |c DLC  |d TXA  |d UtOrBLW 
049 |a TXAM  |c [387790] 
050 0 0 |a TA166  |b .O25 1982 
082 0 |a 620.8/2  |2 19 
100 1 |a Oborne, David J. 
245 1 0 |a Ergonomics at work /  |c David J. Oborne. 
264 1 |a Chichester [England] ;  |a New York :  |b Wiley,  |c [1982] 
264 4 |c ©1982 
300 |a ix, 321 pages :  |b illustrations ;  |c 24 cm. 
336 |a text  |b txt  |2 rdacontent 
337 |a unmediated  |b n  |2 rdamedia 
338 |a volume  |b nc  |2 rdacarrier 
500 |a Includes indexes. 
504 |a Bibliography: pages 291-309. 
650 0 |a Human engineering. 
999 |a MARS 
999 f f |s b3d434bd-2d2c-31f7-9bda-c357fda08ad4  |i 980d3e52-e31c-34e9-bf26-2e8a62225998  |t 0 
952 f f |p ric  |a Texas A&M University  |b Rellis Campus  |c Joint Library Facility  |d Remote Storage  |t 0  |e TA166 .O25 1982  |h Library of Congress classification  |i unmediated -- volume  |m A14806241245 
998 f f |a TA166 .O25 1982  |t 0  |l Remote Storage